Windows vista administration: the definitive guide. (Record no. 83137)

MARC details
000 -LEADER
fixed length control field 00855nam a2200193 a 4500
008 - FIXED-LENGTH DATA ELEMENTS--GENERAL INFORMATION
fixed length control field 100120s2007 ||||||||||||||||| || u
020 ## - INTERNATIONAL STANDARD BOOK NUMBER
International Standard Book Number 9780596529598
050 ## - LIBRARY OF CONGRESS CALL NUMBER
Classification number QA 76.76.063 Cul
100 ## - MAIN ENTRY--PERSONAL NAME
Personal name Culp, Brian
245 10 - TITLE STATEMENT
Title Windows vista administration: the definitive guide.
260 ## - PUBLICATION, DISTRIBUTION, ETC.
Place of publication, distribution, etc. Cambridge:
Name of publisher, distributor, etc. O'Reilly Media
Date of publication, distribution, etc. 2007
300 ## - PHYSICAL DESCRIPTION
Extent xviii, 780p.: ill.
350 ## -
-- 0.00
650 ## - SUBJECT ADDED ENTRY--TOPICAL TERM
Topical term or geographic name entry element OPERATING SYSTEMS (COMPUTERS)
650 ## - SUBJECT ADDED ENTRY--TOPICAL TERM
Topical term or geographic name entry element SOFTWARE
650 ## - SUBJECT ADDED ENTRY--TOPICAL TERM
Topical term or geographic name entry element MICROSOFT WINDOWS (COMPUTER FILE)
995 ## -
-- MAIN LIBRARY OPEN ACCESS
-- 0.00
-- 740841
-- CBU-MAIN LIBRARY (Kitwe)
-- 1
-- 0.00
-- QA 76.76.063 Cul
-- 1
-- AVAILABLE
-- Mar 17, 2010
-- 740841
-- Main Library Open Access Collection
995 ## -
-- MAIN LIBRARY OPEN ACCESS
-- 0.00
-- 740842
-- CBU-MAIN LIBRARY (Kitwe)
-- 1
-- 0.00
-- QA 76.76.063 Cul
-- 2
-- AVAILABLE
-- Mar 17, 2010
-- 740842
-- Main Library Open Access Collection
999 ## -
-- 83137
-- 83137
Holdings
Withdrawn status Lost status Source of classification or shelving scheme Damaged status Not for loan Permanent Location Current Location Shelving location Date acquired Total Checkouts Full call number Barcode Date last seen Copy number Price effective from Koha item type
          CBU-MAIN LIBRARY, KITWE. CBU-MAIN LIBRARY, KITWE.   10/25/2023   QA 76.76.063 Cul 740841 10/25/2023 1 10/25/2023 MONOGRAPH
          CBU-MAIN LIBRARY, KITWE. CBU-MAIN LIBRARY, KITWE.   10/25/2023   QA 76.76.063 Cul 740842 10/25/2023 2 10/25/2023 MONOGRAPH